Osmanlı diplomasisi ve sefaretnameler (Record no. 2448)

MARC details
000 -BAŞLIK
Sabit Uzunlukta Kontrol Alanı 00861na a2200289 4500
001 - KONTROL NUMARASI
Denetim Alanı 15310
003 - KONTROL NUMARASI IDENTIFIER
Denetim Alanı MIRAKIL
005 - SON İŞLEM TARİHİ VE ZAMANI
Denetim Alanı 20181213154858.0
008 - SABİT-BOY VERİ ELEMANLARI - GENEL BİLGİLER
Sabit Uzunlukta Kontrol Alanı 161024b tu 000 0
020 ## - ULUSLARARASI STANDART KİTAP NUMARASI
Uluslararası Standart Kitap Numarası 9757115371
035 ## - SİSTEM KONTROL NUMARASI
Sistem Kontrol Numarası 15141
040 ## - KATALOGLAMA KAYNAK
Orijinal Kataloglama Ajansı Milas
Kataloglama Dili tur
Metne Dönüştürmek Ajansı TR-AnCHP
082 ## - DEWEY ONLU SINIFLANDIRMA NUMARASI
Sınıflandırma Numarası 327.9561015
Ürün Numarası T85o 1998
090 ## - SINIFLAMA NUMARASI
Sınıflama Numarası 327.9561015 T85o 1998
100 ## - ANA GİRİŞ - KİŞİSEL İSİM
Kişisel Ad Tuncer, Hadiye
245 ## - BAŞLIK TABLOSU
Başlık Osmanlı diplomasisi ve sefaretnameler
Sorumluluk Tablosu, Vb Hadiye Tuncer, Hüner Tuncer
250 ## - EDITION TABLOSU
Baskı Beyanı 2. bs.
260 ## - YAYIN, DAĞITIM, VB
Yayın, Dağıtım, Vb Yeri Ankara
Yayıncı, Dağıtıcı, Vs Adı Ümit Yayıncılık
Yayın, Dağıtım, Vb Tarihi 1998
300 ## - FİZİKSEL TANIM
Kapsam 156 s.
Diğer Fiziksel Ayrıntıları res.
Boyutlar 24 sm.
490 ## - SERİSİ TABLOSU
Seri Beyanı Ufuk dizisi
Hacim / Ardışık Tanımı 72
504 ## - KAYNAKÇA VB NOT
Kaynakça Vb Notu Kaynakça var.
650 ## - KONU KATMA GİRİŞ - TOPİKAL DÖNEM
Topikal Süreli Veya Coğrafi Ad Giriş Elemanı Diplomasi
Genel Alt Bölümü Osmanlı Devleti
651 ## - KONU KATMA GİRİŞ - COĞRAFİ ADI
Coğrafi İsim Osmanlı İmparatorluğu
Form Alt Bölümü Uluslararası illişkiler
651 ## - KONU KATMA GİRİŞ - COĞRAFİ ADI
Coğrafi İsim Osmanlı İmparatorluğu
Genel Alt Bölümü Diplomatik temsilcilikler
700 ## - KATMA GİRİŞ - KİŞİSEL İSİM
Kişisel Ad Tuncer, Hüner
942 ## - EKLENDİ GİRİŞ ELEMANLARI (KOHA)
Sınıflandırma Veya Raf Düzeni Kaynak Dewey Decimal Classification
Koha Öğesi Türü Books
999 ## - SİSTEM KONTROL NUMARALARI (KOHA)
Koha Biblionumber 2448
Koha Biblioitemnumber 2448
Holdings
Kalıcı Konum Mevcut Konum Edinme Tarihi Edinim Kaynak Toplam Check-Out'Lar Tam Çağrı Numarası Barkod Tarih Son Görülme İtibaren Geçerli Fiyatlar Koha Öğesi Türü
CHP Kütüphanesi CHP Kütüphanesi 09/07/2016 Bağış   327.9561015 T85o 1998 003356 09/07/2016 09/07/2016 Books